Designing Hydrogels for Controlled Drug Delivery (Record no. 27387)

MARC details
000 -LEADER
fixed length control field 01102nam a2200121Ia 4500
008 - FIXED-LENGTH DATA ELEMENTS--GENERAL INFORMATION
fixed length control field 220620s9999||||xx |||||||||||||| ||und||
100 ## - MAIN ENTRY--PERSONAL NAME
Personal name Cassano, Roberta||Trombino, Sonia
245 #0 - TITLE STATEMENT
Title Designing Hydrogels for Controlled Drug Delivery
546 ## - LANGUAGE NOTE
Language note English[eng]
650 ## - SUBJECT ADDED ENTRY--TOPICAL TERM
Topical term or geographic name entry element epilepsy||n/a||ocular delivery||zein/poly 4-mercaptophenyl methacrylate-carbon nano-onions hydrogels||biomaterial||sustained release||copolymer||progesterone||drug delivery||allotransplantation||hyaluronic acid||gel||pediatric||mucoadhesive nanoparticles||sustained delivery||colon targeting||cytocompatibility||oxidized inulin||microemulsion||cationic surfactant||contact lenses||tacrolimus||hydrogel nanoparticles||click chemistry||acoustic cavitation method||poloxamer||hydrogels||brain||biomedical||carbamazepine||micelle||controlled release||hydrogel||mucoadhesive chitosan multifunctional derivatives||microrheology||cancer||thermosensitive hydrogels||trimethyl chitosan||thermosensitive||periodate oxidation||ocular cancer||pH-responsive drug release
856 ## - ELECTRONIC LOCATION AND ACCESS
Uniform Resource Identifier <a href="https://mdpi.com/books/pdfview/book/2031">https://mdpi.com/books/pdfview/book/2031</a>
942 ## - ADDED ENTRY ELEMENTS (KOHA)
Koha item type E-Books
Holdings
Withdrawn status Lost status Damaged status Not for loan Home library Current library Date acquired Total Checkouts Date last seen Price effective from Koha item type
        Kerala University of Digital Sciences, Innovation and Technology Knowledge Centre Kerala University of Digital Sciences, Innovation and Technology Knowledge Centre 20/06/2022   20/06/2022 20/06/2022 E-Books